[Event "Nogent le Retrou op"]
[Site "Nogent le Retrou "]
[Date "2005.03.27"]
[Round "4"]
[White "Ricci, Alain"]
[Black "Raffeneau, Baptiste"]
[Result "0-1"]
[WhiteElo "1300"]
[BlackElo "1700"]
[PlyCount "72"]
[EventDate "2005.03.25"]
[EventType "swiss"]
[EventRounds "9"]
[EventCountry "FRA"]
[SourceTitle "EXT 2007"]
[Source "ChessBase"]
[SourceDate "2006.11.23"]
[SourceVersion "1"]
[SourceVersionDate "2006.11.23"]
[SourceQuality "1"]

1. d4 e6 2. Nf3 d5 3. Nc3 c5 4. e3 Nc6 5. Bd3 Nf6 6. Qd2 c4 7. Be2 Bb4 8. a3 Ne4 9. Qd1 Nxc3 10. bxc3 Bxc3+ 11. Bd2 Bxa1 12. Qxa1 0-0 13. 0-0 a5 14. Bc3 b5 15. Qb2 Qb6 16. Rb1 b4 17. axb4 axb4 18. Be1 Bd7 19. Ne5 Nxe5 20. dxe5 Rfb8 21. Bf3 Ra4 22. e4 d4 23. Be2 c3 24. Qb3 Ra3 25. Qc4 b3 26. cxb3 Rxb3 27. Rc1 Rb1 28. Rxb1 Qxb1 29. Kf1 Bb5 30. Qc7 Bxe2+ 31. Kxe2 d3+ 32. Kf3 d2 33. Bxd2 cxd2 34. Kf4 d1Q 35. f3 Qbc1+ 36. Qxc1 Qxc1+ 0-1